<?xml version="1.0" encoding="UTF-8"?>
<record
    xmlns:xsi="http://www.w3.org/2001/XMLSchema-instance"
    xsi:schemaLocation="http://www.loc.gov/MARC21/slim http://www.loc.gov/standards/marcxml/schema/MARC21slim.xsd"
    xmlns="http://www.loc.gov/MARC21/slim">

  <leader>02552nam a22003617a 4500</leader>
  <datafield tag="952" ind1=" " ind2=" ">
    <subfield code="0">0</subfield>
    <subfield code="1">0</subfield>
    <subfield code="4">0</subfield>
    <subfield code="7">0</subfield>
    <subfield code="a">11</subfield>
    <subfield code="b">11</subfield>
    <subfield code="d">2017-03-13</subfield>
    <subfield code="l">0</subfield>
    <subfield code="o">LC4713.5E7  C37</subfield>
    <subfield code="p">11 013398</subfield>
    <subfield code="r">2017-03-13</subfield>
    <subfield code="t">1</subfield>
    <subfield code="w">2017-03-13</subfield>
    <subfield code="y">LB</subfield>
  </datafield>
  <datafield tag="952" ind1=" " ind2=" ">
    <subfield code="0">0</subfield>
    <subfield code="1">0</subfield>
    <subfield code="2">lcc</subfield>
    <subfield code="4">0</subfield>
    <subfield code="7">0</subfield>
    <subfield code="a">04</subfield>
    <subfield code="b">04</subfield>
    <subfield code="d">2017-04-07</subfield>
    <subfield code="l">10</subfield>
    <subfield code="o">LC4713.5E7  C37</subfield>
    <subfield code="p">04 006468</subfield>
    <subfield code="r">2025-07-22</subfield>
    <subfield code="s">2020-02-18</subfield>
    <subfield code="t">1</subfield>
    <subfield code="w">2017-04-07</subfield>
    <subfield code="y">LB</subfield>
  </datafield>
  <datafield tag="952" ind1=" " ind2=" ">
    <subfield code="0">0</subfield>
    <subfield code="1">0</subfield>
    <subfield code="2">lcc</subfield>
    <subfield code="4">0</subfield>
    <subfield code="7">0</subfield>
    <subfield code="a">20</subfield>
    <subfield code="b">20</subfield>
    <subfield code="d">2017-05-11</subfield>
    <subfield code="l">9</subfield>
    <subfield code="m">5</subfield>
    <subfield code="o">LC4713.5E7 C37</subfield>
    <subfield code="p">20 003690</subfield>
    <subfield code="q">2025-02-15</subfield>
    <subfield code="r">2025-02-11</subfield>
    <subfield code="s">2025-02-11</subfield>
    <subfield code="t">1</subfield>
    <subfield code="w">2017-05-11</subfield>
    <subfield code="y">LB</subfield>
  </datafield>
  <datafield tag="952" ind1=" " ind2=" ">
    <subfield code="0">0</subfield>
    <subfield code="1">0</subfield>
    <subfield code="2">lcc</subfield>
    <subfield code="4">0</subfield>
    <subfield code="7">0</subfield>
    <subfield code="a">14</subfield>
    <subfield code="b">14</subfield>
    <subfield code="d">2017-05-09</subfield>
    <subfield code="l">0</subfield>
    <subfield code="o">LC4713.5E7 C37 2012</subfield>
    <subfield code="p">14 006006</subfield>
    <subfield code="r">2017-05-22</subfield>
    <subfield code="t">1</subfield>
    <subfield code="w">2017-05-22</subfield>
    <subfield code="y">LB</subfield>
  </datafield>
  <datafield tag="952" ind1=" " ind2=" ">
    <subfield code="0">0</subfield>
    <subfield code="1">0</subfield>
    <subfield code="4">0</subfield>
    <subfield code="7">0</subfield>
    <subfield code="a">11</subfield>
    <subfield code="b">11</subfield>
    <subfield code="d">2017-05-23</subfield>
    <subfield code="l">1</subfield>
    <subfield code="o">LC4713.5E7  C37</subfield>
    <subfield code="p">11 013468</subfield>
    <subfield code="r">2018-11-26</subfield>
    <subfield code="s">2018-11-26</subfield>
    <subfield code="t">2</subfield>
    <subfield code="w">2017-05-23</subfield>
    <subfield code="y">LB</subfield>
  </datafield>
  <datafield tag="952" ind1=" " ind2=" ">
    <subfield code="0">0</subfield>
    <subfield code="1">0</subfield>
    <subfield code="4">0</subfield>
    <subfield code="7">0</subfield>
    <subfield code="a">19</subfield>
    <subfield code="b">19</subfield>
    <subfield code="d">2017-06-23</subfield>
    <subfield code="l">0</subfield>
    <subfield code="o">LC4713.5E7  C37</subfield>
    <subfield code="p">19 002844</subfield>
    <subfield code="r">2017-06-23</subfield>
    <subfield code="t">1</subfield>
    <subfield code="w">2017-06-23</subfield>
    <subfield code="y">LB</subfield>
  </datafield>
  <datafield tag="952" ind1=" " ind2=" ">
    <subfield code="0">0</subfield>
    <subfield code="1">0</subfield>
    <subfield code="2">lcc</subfield>
    <subfield code="4">0</subfield>
    <subfield code="7">0</subfield>
    <subfield code="a">22</subfield>
    <subfield code="b">22</subfield>
    <subfield code="d">2017-07-20</subfield>
    <subfield code="l">31</subfield>
    <subfield code="o">LC4713.5E7 C37 2012</subfield>
    <subfield code="p">06 003658</subfield>
    <subfield code="r">2020-02-05</subfield>
    <subfield code="s">2020-02-05</subfield>
    <subfield code="t">1</subfield>
    <subfield code="w">2017-07-20</subfield>
    <subfield code="y">LB</subfield>
  </datafield>
  <datafield tag="952" ind1=" " ind2=" ">
    <subfield code="0">0</subfield>
    <subfield code="1">0</subfield>
    <subfield code="2">lcc</subfield>
    <subfield code="4">0</subfield>
    <subfield code="7">0</subfield>
    <subfield code="a">08</subfield>
    <subfield code="b">08</subfield>
    <subfield code="d">2017-06-05</subfield>
    <subfield code="l">7</subfield>
    <subfield code="m">1</subfield>
    <subfield code="o">LC4713.5E7  C37 2012</subfield>
    <subfield code="p">08 006309</subfield>
    <subfield code="r">2024-07-29</subfield>
    <subfield code="s">2023-11-09</subfield>
    <subfield code="t">1</subfield>
    <subfield code="w">2017-07-26</subfield>
    <subfield code="y">LB</subfield>
  </datafield>
  <datafield tag="999" ind1=" " ind2=" ">
    <subfield code="c">101708</subfield>
    <subfield code="d">101708</subfield>
  </datafield>
  <controlfield tag="005">20231102152019.0</controlfield>
  <controlfield tag="008">170313s2012    mx a          001 0 spa d</controlfield>
  <datafield tag="020" ind1=" " ind2=" ">
    <subfield code="a">9786077071167</subfield>
  </datafield>
  <datafield tag="050" ind1=" " ind2="4">
    <subfield code="a">LC4713.5E7</subfield>
    <subfield code="b">C37 </subfield>
  </datafield>
  <datafield tag="100" ind1="1" ind2=" ">
    <subfield code="a">Casaj&#xFA;s Lacosta, &#xC1;ngel Ma. </subfield>
    <subfield code="e">, autor</subfield>
  </datafield>
  <datafield tag="245" ind1="1" ind2="0">
    <subfield code="a">Did&#xE1;ctica escolar para alumnos con TDAH</subfield>
    <subfield code="b">: trastorno de deficit de atenci&#xF3;n con hiperactividad</subfield>
    <subfield code="c">/ &#xC1;ngel M. Casaj&#xFA;s Lacosta</subfield>
  </datafield>
  <datafield tag="250" ind1=" " ind2=" ">
    <subfield code="a">1a. edici&#xF3;n </subfield>
  </datafield>
  <datafield tag="260" ind1=" " ind2=" ">
    <subfield code="a">M&#xE9;xico</subfield>
    <subfield code="b">: Alfaomega</subfield>
    <subfield code="c">, 2012</subfield>
  </datafield>
  <datafield tag="300" ind1=" " ind2=" ">
    <subfield code="a">199 p&#xE1;ginas</subfield>
    <subfield code="b">: ilustraciones</subfield>
    <subfield code="c">; 23 cm. </subfield>
  </datafield>
  <datafield tag="504" ind1=" " ind2=" ">
    <subfield code="a">Bibliograf&#xED;a (pp. 193 - 199)</subfield>
  </datafield>
  <datafield tag="505" ind1="0" ind2=" ">
    <subfield code="a">La atenci&#xF3;n a la diversidad en los centros y el ajuste del curr&#xED;culum en alumnos con dificultades de aprendizaje  
Aproximaci&#xF3;n al concepto de D&#xE9;ficit de Atenci&#xF3;n  
La atenci&#xF3;n y la memoria  
Evoluci&#xF3;n y estado actual del D&#xE9;ficit  
TDAH y escuela  
El d&#xE9;ficit de atenci&#xF3;n y los trastornos del lenguaje: lectura y escritura  
TDAH y matem&#xE1;ticas  
Sugerencias futuras y reflexi&#xF3;n final</subfield>
  </datafield>
  <datafield tag="519" ind1=" " ind2=" ">
    <subfield code="a"> Educaci&#xF3;n Mixta / </subfield>
    <subfield code="b">Pedagog&#xED;a / </subfield>
    <subfield code="c">Sistemas de Educaci&#xF3;n Especial I (P06) / </subfield>
    <subfield code="d"> (04 006468)</subfield>
  </datafield>
  <datafield tag="519" ind1=" " ind2=" ">
    <subfield code="a">Material Complementario / </subfield>
    <subfield code="b">Pedagog&#xED;a / </subfield>
    <subfield code="c"> </subfield>
    <subfield code="d"> (20 003690)</subfield>
  </datafield>
  <datafield tag="519" ind1=" " ind2=" ">
    <subfield code="a">Material Complementario / </subfield>
    <subfield code="b">Pedagog&#xED;a / </subfield>
    <subfield code="c"> </subfield>
    <subfield code="d">14 006006</subfield>
  </datafield>
  <datafield tag="519" ind1=" " ind2=" ">
    <subfield code="a">Educaci&#xF3;n Mixta / </subfield>
    <subfield code="b">Pedagog&#xED;a / </subfield>
    <subfield code="c"> Sistema de Educaci&#xF3;n Educaci&#xF3;n Especial (P07-3) / </subfield>
    <subfield code="d">(19 002844)</subfield>
  </datafield>
  <datafield tag="519" ind1=" " ind2=" ">
    <subfield code="a">Educaci&#xF3;n Mixta / </subfield>
    <subfield code="b">Pedagog&#xED;a / </subfield>
    <subfield code="c"> Sistema de Educaci&#xF3;n Educaci&#xF3;n Especial I (P06-2) / </subfield>
    <subfield code="d">(06 003658)</subfield>
  </datafield>
  <datafield tag="519" ind1=" " ind2=" ">
    <subfield code="a">Plan Flexible /</subfield>
    <subfield code="b">Psicolog&#xED;a /</subfield>
    <subfield code="c">Psicolog&#xED;a cl&#xED;nica (P09-2) /</subfield>
    <subfield code="d">(08 006309)</subfield>
  </datafield>
  <datafield tag="650" ind1=" " ind2="4">
    <subfield code="a">TRASTORNO POR D&#xC9;FICIT DE ATENCI&#xD3;N EN NI&#xD1;OS </subfield>
    <subfield code="x">EDUCACI&#xD3;N </subfield>
    <subfield code="z">ESPA&#xD1;A</subfield>
  </datafield>
  <datafield tag="650" ind1=" " ind2="4">
    <subfield code="a">TRASTORNO POR D&#xC9;FICIT DE ATENCI&#xD3;N E HIPERACTIVIDAD</subfield>
    <subfield code="z">ESPA&#xD1;A</subfield>
  </datafield>
  <datafield tag="942" ind1=" " ind2=" ">
    <subfield code="c">LB</subfield>
  </datafield>
</record>
